[Event "IBCA EU-chT blind 01st"]
[Site "Warsaw"]
[Date "2016.07.27"]
[Round "4.1"]
[White "Rositsan, Boris"]
[Black "Van Loy, Rick"]
[Result "1-0"]
[WhiteElo "2091"]
[BlackElo "1899"]
[PlyCount "57"]
[EventDate "2016.07.24"]
[EventType "team-swiss"]
[EventRounds "9"]
[EventCountry "POL"]
[SourceTitle "CBM 173 Extra"]
[Source "ChessBase"]
[SourceDate "2016.08.29"]
[SourceVersion "1"]
[SourceVersionDate "2016.08.29"]
[SourceQuality "1"]
[WhiteTeam "Lithuania"]
[BlackTeam "Netherlands"]
[WhiteTeamCountry "LTU"]
[BlackTeamCountry "NED"]

1. d4 e6 2. e4 d5 3. Nc3 Nf6 4. exd5 Nxd5 5. Ne4 Be7 6. Nf3 0-0 7. c3 b6 8. a3 Bb7 9. Bd3 Nd7 10. Qc2 N5f6 11. Ng3 c5 12. Be3 cxd4 13. Bxd4 Qc7 14. 0-0-0 Rfd8 15. Rhe1 Rac8 16. Ng5 Nf8 17. Bxf6 Bxf6 18. Nxh7 Nxh7 19. Bxh7+ Kf8 20. Be4 Qf4+ 21. Kb1 Rxd1+ 22. Rxd1 Bxe4 23. Nxe4 Be7 24. g3 Qf3 25. h4 f5 26. Ng5 Bxg5 27. hxg5 Rc4 28. Qd2 Re4 29. g6 1-0

[Event "IBCA EU-chT blind 01st"]
[Site "Warsaw"]
[Date "2016.07.26"]
[Round "3.1"]
[White "Mueller, Oliver"]
[Black "Rositsan, Boris"]
[Result "1-0"]
[WhiteElo "2266"]
[BlackElo "2091"]
[PlyCount "67"]
[EventDate "2016.07.24"]
[EventType "team-swiss"]
[EventRounds "9"]
[EventCountry "POL"]
[SourceTitle "CBM 173 Extra"]
[Source "ChessBase"]
[SourceDate "2016.08.29"]
[SourceVersion "1"]
[SourceVersionDate "2016.08.29"]
[SourceQuality "1"]
[WhiteTeam "Germany"]
[BlackTeam "Lithuania"]
[WhiteTeamCountry "GER"]
[BlackTeamCountry "LTU"]

1. d4 Nf6 2. c4 c5 3. d5 b5 4. Nf3 g6 5. cxb5 a6 6. b6 Qxb6 7. Nc3 Bg7 8. e4 d6 9. Be2 0-0 10. 0-0 Bg4 11. Nd2 Bxe2 12. Qxe2 a5 13. a4 Na6 14. Nc4 Qd8 15. Nb5 Nd7 16. Bd2 Nb4 17. Bc3 Ne5 18. f4 Nxc4 19. Qxc4 Bxc3 20. Qxc3 Qc8 21. Qc4 Qg4 22. Rae1 Rac8 23. b3 Rfd8 24. Re3 Qh4 25. f5 Qh6 26. Ref3 f6 27. Qe2 Kf7 28. Rh3 Qg7 29. fxg6+ hxg6 30. Qg4 Nc2 31. Qe6+ Kf8 32. Nxd6 Rxd6 33. Qxc8+ Kf7 34. e5 1-0

[Event "IBCA EU-chT blind 01st"]
[Site "Warsaw"]
[Date "2016.07.24"]
[Round "1.1"]
[White "Rositsan, Boris"]
[Black "Hilton, Stephen H"]
[Result "1-0"]
[WhiteElo "2091"]
[BlackElo "1894"]
[PlyCount "43"]
[EventDate "2016.07.24"]
[EventType "team-swiss"]
[EventRounds "9"]
[EventCountry "POL"]
[SourceTitle "CBM 173 Extra"]
[Source "ChessBase"]
[SourceDate "2016.08.29"]
[SourceVersion "1"]
[SourceVersionDate "2016.08.29"]
[SourceQuality "1"]
[WhiteTeam "Lithuania"]
[BlackTeam "Great Britain"]
[WhiteTeamCountry "LTU"]
[BlackTeamCountry "GBR"]

1. e4 c5 2. Nf3 d6 3. d4 cxd4 4. Nxd4 Nf6 5. Nc3 a6 6. Bc4 e6 7. Bb3 Nc6 8. f4 Bd7 9. Be3 Nxd4 10. Bxd4 Bc6 11. Qe2 Qa5 12. 0-0-0 Be7 13. f5 e5 14. Bf2 h5 15. h3 h4 16. Qc4 0-0 17. Bxh4 Rac8 18. Bxf6 Bxf6 19. Rxd6 Be7 20. Rg6 Bb5 21. Qd5 Rxc3 22. Qxe5 1-0

[Event "LTU-ch Blind and Visually Impaired"]
[Site "Vilnius"]
[Date "2016.04.24"]
[Round "7.2"]
[White "Rositsan, Boris"]
[Black "Novikovas, Anatolijus"]
[Result "1/2-1/2"]
[WhiteElo "2129"]
[BlackElo "1817"]
[PlyCount "62"]
[EventDate "2016.04.20"]
[EventType "tourn"]
[EventRounds "7"]
[EventCountry "LTU"]
[SourceTitle "EXT 2024"]
[Source "ChessBase"]
[SourceDate "2023.10.10"]
[SourceVersion "1"]
[SourceVersionDate "2023.10.10"]
[SourceQuality "1"]

1. e4 e6 2. d4 d5 3. Nd2 dxe4 4. Nxe4 Nd7 5. Bd3 Ngf6 6. Ng5 Be7 7. c3 c5 8. Ne2 Nf8 9. 0-0 Bd7 10. dxc5 Bxc5 11. b4 Be7 12. b5 Ng6 13. a4 Rc8 14. Ne4 b6 15. Nxf6+ Bxf6 16. Ba3 Be7 17. Bxe7 Qxe7 18. Qc2 0-0 19. Rfd1 Rfd8 20. Be4 f5 21. Bd3 Ne5 22. Qb3 Kh8 23. Bc2 Qf6 24. Rd4 Nf7 25. Rad1 Be8 26. Rxd8 Nxd8 27. Nf4 g5 28. Ne2 Bh5 29. f3 Qe5 30. Qb4 Nf7 31. Ng3 Bg6 1/2-1/2

[Event "LTU-ch Blind and Visually Impaired"]
[Site "Vilnius"]
[Date "2016.04.22"]
[Round "4.2"]
[White "Kuvsinov, Anatolij"]
[Black "Rositsan, Boris"]
[Result "0-1"]
[WhiteElo "1795"]
[BlackElo "2129"]
[PlyCount "95"]
[EventDate "2016.04.20"]
[EventType "tourn"]
[EventRounds "7"]
[EventCountry "LTU"]
[SourceTitle "EXT 2024"]
[Source "ChessBase"]
[SourceDate "2023.10.10"]
[SourceVersion "1"]
[SourceVersionDate "2023.10.10"]
[SourceQuality "1"]

1. Nf3 Nf6 2. g3 b6 3. Bg2 Bb7 4. d4 g6 5. 0-0 Bg7 6. c4 0-0 7. Nc3 d5 8. cxd5 Nxd5 9. Re1 Nxc3 10. bxc3 c5 11. e4 cxd4 12. cxd4 Nc6 13. Bb2 Rc8 14. Rb1 Na5 15. d5 Bxb2 16. Rxb2 Nc4 17. Rbe2 Rc5 18. Nd2 Ne5 19. Nb3 Rc3 20. Qd4 Qc7 21. f4 Nd3 22. Re3 Rxb3 23. axb3 Nxe1 24. Rxe1 Qc2 25. b4 Rd8 26. e5 e6 27. Be4 Qb3 28. d6 Bxe4 29. Qxe4 h5 30. Rc1 h4 31. Kg2 Kg7 32. Qc4 Qe3 33. Rc2 h3+ 34. Kf1 Qf3+ 35. Ke1 Qh1+ 36. Qf1 Qe4+ 37. Qe2 Qxb4+ 38. Kf2 Qd4+ 39. Qe3 Qd1 40. Qe2 Qh1 41. Ke3 a5 42. g4 Qg1+ 43. Kf3 a4 44. Qb5 Qd1+ 45. Qe2 Qh1+ 46. Kg3 a3 47. Ra2 Qg1+ 48. Kf3 0-1

[Event "IBCA EU-ch blind 06th"]
[Site "Lyon"]
[Date "2015.07.29"]
[Round "5"]
[White "Rositsan, Boris"]
[Black "Gasperoni, Claudio"]
[Result "1-0"]
[WhiteElo "2051"]
[BlackElo "1867"]
[PlyCount "73"]
[EventDate "2015.07.25"]
[EventType "swiss"]
[EventRounds "9"]
[EventCountry "FRA"]
[SourceTitle "CBM 167 Extra"]
[Source "ChessBase"]
[SourceDate "2015.09.14"]
[SourceVersion "1"]
[SourceVersionDate "2015.09.14"]
[SourceQuality "1"]

1. e4 e5 2. Nf3 Nc6 3. Bc4 Bc5 4. b4 Bxb4 5. c3 Be7 6. d4 Na5 7. Nxe5 Nxc4 8. Nxc4 d5 9. Ne5 Nf6 10. exd5 Qxd5 11. 0-0 0-0 12. c4 Qe6 13. Re1 Bd6 14. f4 Bb4 15. Bd2 Qb6 16. c5 Qa5 17. Nc4 Qa6 18. Qc2 Bxd2 19. Nbxd2 Be6 20. Re3 Rad8 21. Ra3 Qc6 22. Ne5 Qd5 23. Ndf3 a6 24. c6 Bc8 25. cxb7 Bxb7 26. Qxc7 Ne4 27. Ra5 Rc8 28. Qb6 Qd8 29. Qxb7 Qxa5 30. Qxe4 Qa3 31. h3 Rfe8 32. Ng5 g6 33. Ngxf7 Qb2 34. Rb1 Rc1+ 35. Rxc1 Qxc1+ 36. Kh2 Re6 37. Qa8+ 1-0

[Event "IBCA EU-ch blind 06th"]
[Site "Lyon"]
[Date "2015.07.26"]
[Round "2"]
[White "Stachanczyk, Jacek"]
[Black "Rositsan, Boris"]
[Result "1-0"]
[WhiteElo "2259"]
[BlackElo "2051"]
[PlyCount "49"]
[EventDate "2015.07.25"]
[EventType "swiss"]
[EventRounds "9"]
[EventCountry "FRA"]
[SourceTitle "CBM 167 Extra"]
[Source "ChessBase"]
[SourceDate "2015.09.14"]
[SourceVersion "1"]
[SourceVersionDate "2015.09.14"]
[SourceQuality "1"]

1. e4 e5 2. Nc3 Nf6 3. Bc4 Bc5 4. d3 h6 5. f4 Bxg1 6. Rxg1 d6 7. Qf3 Nc6 8. f5 Nd4 9. Qf2 c6 10. Bb3 a5 11. a4 Ng4 12. Qg3 h5 13. h3 Nxb3 14. cxb3 Nf6 15. Be3 Kf8 16. 0-0-0 b5 17. d4 b4 18. dxe5 bxc3 19. exf6 cxb2+ 20. Kxb2 Qxf6+ 21. Bd4 h4 22. Qc3 Qh6 23. Qxc6 Rb8 24. Qc7 Ra8 25. Qd8# 1-0

[Event "LTU-ch blind and visual"]
[Site "Vilnius"]
[Date "2015.05.03"]
[Round "7.2"]
[White "Rositsan, Boris"]
[Black "Berginas, Sigitas"]
[Result "1-0"]
[WhiteElo "2092"]
[BlackElo "1665"]
[PlyCount "27"]
[EventDate "2015.04.29"]
[EventType "tourn"]
[EventRounds "7"]
[EventCountry "LTU"]
[SourceTitle "EXT 2024"]
[Source "ChessBase"]
[SourceDate "2023.10.10"]
[SourceVersion "1"]
[SourceVersionDate "2023.10.10"]
[SourceQuality "1"]

1. e4 e6 2. g3 b6 3. Bg2 Bb7 4. d4 Nf6 5. Bg5 Be7 6. Nc3 0-0 7. Nge2 d6 8. 0-0 Nbd7 9. f4 h6 10. Bxf6 Nxf6 11. e5 Bxg2 12. exf6 Bxf1 13. fxe7 Qxe7 14. Qxf1 1-0

[Event "Vilnius op"]
[Site "Vilnius"]
[Date "2014.11.26"]
[Round "9"]
[White "Rositsan, Boris"]
[Black "Kovalev, Andrei"]
[Result "0-1"]
[WhiteElo "2105"]
[BlackElo "2487"]
[PlyCount "96"]
[EventDate "2014.11.19"]
[EventType "swiss"]
[EventRounds "9"]
[EventCountry "LTU"]
[SourceTitle "CBM 163 Extra"]
[Source "ChessBase"]
[SourceDate "2014.12.23"]
[SourceVersion "1"]
[SourceVersionDate "2014.12.23"]
[SourceQuality "1"]

1. d4 Nf6 2. Nf3 g6 3. Bg5 Bg7 4. Nbd2 d6 5. c3 0-0 6. e3 b6 7. Bd3 Bb7 8. Qc2 c5 9. h4 h5 10. Bxf6 exf6 11. 0-0-0 Nd7 12. g4 hxg4 13. h5 f5 14. hxg6 fxg6 15. Nh4 Qg5 16. Rdg1 Bxh1 17. Rxh1 d5 18. Qa4 Rfd8 19. Qc6 Nf8 20. Ba6 Qf6 21. Qa4 cxd4 22. cxd4 b5 23. Bxb5 Rab8 24. Nb3 Qb6 25. Bd3 Qb4 26. Qxb4 Rxb4 27. Nc5 Rc8 28. Kb1 Rxc5 29. dxc5 Rxb2+ 30. Kc1 Rxa2 31. Ng2 Ra5 32. c6 Rc5+ 33. Kd2 Rxc6 34. Nf4 d4 35. e4 Kf7 36. Ke2 g5 37. Nh5 fxe4 38. Bxe4 Rd6 39. Nxg7 Kxg7 40. Ra1 a6 41. Bb7 Ne6 42. Rxa6 Rxa6 43. Bxa6 Kf6 44. Bc8 Ke5 45. Bd7 Nf4+ 46. Kf1 d3 47. Bxg4 d2 48. Kg1 Nd5 0-1

[Event "Vilnius op"]
[Site "Vilnius"]
[Date "2014.11.20"]
[Round "2"]
[White "Rositsan, Boris"]
[Black "Zenchanka, Pavel"]
[Result "0-1"]
[WhiteElo "2105"]
[BlackElo "1842"]
[PlyCount "52"]
[EventDate "2014.11.19"]
[EventType "swiss"]
[EventRounds "9"]
[EventCountry "LTU"]
[SourceTitle "CBM 163 Extra"]
[Source "ChessBase"]
[SourceDate "2014.12.23"]
[SourceVersion "1"]
[SourceVersionDate "2014.12.23"]
[SourceQuality "1"]

1. d4 Nf6 2. Nf3 g6 3. c3 d5 4. Bg5 Bg7 5. e3 0-0 6. Bd3 c5 7. dxc5 Nbd7 8. b4 a5 9. Nd4 e5 10. Nb5 h6 11. Bh4 e4 12. Be2 Ne5 13. Nd2 Bd7 14. Nb3 b6 15. Bg3 Bxb5 16. Bxb5 Nh5 17. Bxe5 Bxe5 18. Nd4 axb4 19. cxb4 bxc5 20. Nc6 Bc3+ 21. Kf1 Qb6 22. a4 Bxa1 23. Qxa1 Qxb5+ 24. Kg1 Qxc6 25. g4 Qxa4 26. Qe5 Qa1+ 0-1